000 00286nam a22001337a 4500
008 170717b xxu||||| |||| 00| 0 eng d
020 _a9781560983095
041 _aeng
080 _a572
100 _a24
101 _aANT
245 _aSYMBOLIC IM MORTALITY
_cKAN,S
942 _2udc
_cBK
999 _c21262
_d21262